Oradour-sur-Glane (Record no. 116441)
[ view plain ]
| 000 -LEADER | |
|---|---|
| campo de control de longitud fija | 00545nam a2200169 4500 |
| 001 - NÚMERO DE CONTROL | |
| campo de control | 116441 |
| 003 - IDENTIFICADOR DE NÚMERO DE CONTROL | |
| campo de control | ES-MaACL |
| 005 - FECHA Y HORA DE LA ÚLTIMA TRANSACCIÓN | |
| campo de control | 20230906190716.0 |
| 007 - CAMPO FIJO DE DESCRIPCIÓN FÍSICA--INFORMACIÓN GENERAL | |
| campo de control de longitud fija | t| |
| 008 - DATOS DE LONGITUD FIJA--INFORMACIÓN GENERAL | |
| campo de control de longitud fija | 061121s1945 fr r ||||1| fre d |
| 100 1# - ENTRADA PRINCIPAL--NOMBRE DE PERSONA | |
| Nombre de persona | Pauchou, Guy. |
| 9 (RLIN) | 89622 |
| 245 10 - MENCIÓN DEL TÍTULO | |
| Título | Oradour-sur-Glane |
| Resto del título | : vision d'épouvante : ouvrage officiel / |
| Mención de responsabilidad, etc. | Guy Pauchou, Dr. Pierre Masfraud. |
| 260 ## - PUBLICACIÓN, DISTRIBUCIÓN, ETC. | |
| Lugar de publicación, distribución, etc. | Limoges [etc.] : |
| Nombre del editor, distribuidor, etc. | Charles-Lavauzelle, |
| Fecha de publicación, distribución, etc. | 1945. |
| 300 ## - DESCRIPCIÓN FÍSICA | |
| Extensión | 206 p., 21 lám. : |
| Otras características físicas | il. ; |
| Dimensiones | 22 cm. |
| 700 1# - ENTRADA AGREGADA--NOMBRE PERSONAL | |
| Nombre de persona | Masfraud, Pierre. |
| 9 (RLIN) | 78711 |
| 852 ## - LOCALIZACIÓN | |
| Ubicación | ES-MaACL |
| Número de control de estantería | C-4107 |
| Sublocalización o colección | R.22084 |
| Estatus retirado | Estado de pérdida | Estado de daño | No para préstamo | Biblioteca de origen | Biblioteca actual | Ubicación en estantería | Fecha de adquisición | Fuente de adquisición | Total de préstamos | Signatura topográfica completa | Código de barras | Visto por última vez | Precio de reemplazo | Tipo de ítem Koha |
|---|---|---|---|---|---|---|---|---|---|---|---|---|---|---|
| Biblioteca del Ateneo de Madrid | Biblioteca del Ateneo de Madrid | Sala Palomar | 17/01/2008 | C-4107 | 1121423 | 23/02/2023 | 23/02/2023 | Libro impreso |
